| Tag |
First Indicator |
Second Indicator |
Subfields |
| LEADER |
00000cam a2200000Ma 4500 |
| 001 |
in00001091421 |
| 005 |
20240426175834.0 |
| 008 |
860910s1981 it ab b 000 0 ita d |
| 019 |
|
|
|a 10180561
|a 962527233
|
| 029 |
1 |
|
|a AU@
|b 000066676705
|
| 035 |
|
|
|a (OCoLC)ocm31309630
|
| 035 |
|
|
|a (OCoLC)31309630
|z (OCoLC)10180561
|z (OCoLC)962527233
|
| 035 |
|
|
|a (OCoLC)ocm31309630
|
| 040 |
|
|
|a MNU
|b eng
|c MNU
|d NLGGC
|d OCLCG
|d OCLCA
|d MNE
|d DRB
|d OCLCQ
|d OCLCO
|d OCLCF
|d OCLCA
|d OCLCQ
|d OCLCO
|d LUU
|d OCLCQ
|
| 043 |
|
|
|a e-it---
|
| 050 |
|
4 |
|a DG55.S2
|b I3268 1981
|
| 082 |
0 |
4 |
|a 937.9
|q OCoLC
|
| 084 |
|
|
|a 077599497!
|2 bcl
|
| 084 |
|
|
|a !077599497!
|2 bcl
|
| 245 |
0 |
0 |
|a Ichnussa :
|b la Sardegna dalle origini all'eta ̀classica /
|c Enrico Atzeni [and others] ; introduzione di Giovanni Pugliese Carratelli.
|
| 250 |
|
|
|a Ed. fuori commercio.
|
| 260 |
|
|
|a Milano :
|b Libri Scheiwiller,
|c 1981.
|
| 300 |
|
|
|a lxxvii, 614 pages :
|b illustrations (some color), maps ;
|c 28 cm.
|
| 336 |
|
|
|a text
|b txt
|2 rdacontent
|
| 337 |
|
|
|a unmediated
|b n
|2 rdamedia
|
| 338 |
|
|
|a volume
|b nc
|2 rdacarrier
|
| 490 |
1 |
|
|a Antica madre
|
| 504 |
|
|
|a Includes bibliographical references.
|
| 651 |
|
0 |
|a Sardinia (Italy)
|x Antiquities.
|
| 651 |
|
0 |
|a Sardinia (Italy)
|x Civilization.
|
| 650 |
|
0 |
|a Nuraghi culture
|z Italy
|z Sardinia.
|
| 650 |
|
0 |
|a Art, Prehistoric
|z Italy
|z Sardinia.
|
| 650 |
|
0 |
|a Art, Ancient
|z Italy
|z Sardinia.
|
| 651 |
|
6 |
|a Sardaigne (Italie)
|x Antiquités.
|
| 650 |
|
6 |
|a Civilisation nuragique
|z Italie
|z Sardaigne.
|
| 650 |
|
6 |
|a Art préhistorique
|z Italie
|z Sardaigne.
|
| 650 |
|
6 |
|a Art antique
|z Italie
|z Sardaigne.
|
| 650 |
|
7 |
|a Antiquities.
|2 fast
|0 (OCoLC)fst00810745
|
| 650 |
|
7 |
|a Art, Ancient.
|2 fast
|0 (OCoLC)fst00815925
|
| 650 |
|
7 |
|a Art, Prehistoric.
|2 fast
|0 (OCoLC)fst00816761
|
| 650 |
|
7 |
|a Civilization.
|2 fast
|0 (OCoLC)fst00862898
|
| 650 |
|
7 |
|a Nuraghi culture.
|2 fast
|0 (OCoLC)fst01041431
|
| 651 |
|
7 |
|a Italy
|z Sardinia.
|2 fast
|0 (OCoLC)fst01205266
|
| 650 |
1 |
7 |
|a Nuraghi.
|2 gtt
|
| 650 |
1 |
7 |
|a Oudheid.
|2 gtt
|
| 700 |
1 |
|
|a Atzeni, Enrico.
|
| 700 |
1 |
|
|a Pugliese Carratelli, Giovanni,
|d 1911-2010.
|
| 776 |
0 |
8 |
|i Online version:
|t Ichnussa.
|b Ed. fuori commercio.
|d Milano : Libri Scheiwiller, 1981
|w (OCoLC)706046275
|
| 830 |
|
0 |
|a Antica madre.
|
| 948 |
|
|
|h HELD BY TXA - 39 OTHER HOLDINGS
|
| 994 |
|
|
|a Z0
|b TXA
|
| 999 |
f |
f |
|s f0108df5-5ed1-3154-a0dd-189c2740cf02
|i 760454ba-b346-38ee-b808-0aaf811483a9
|t 0
|
| 952 |
f |
f |
|p ric
|a Texas A&M University
|b Rellis Campus
|c Joint Library Facility
|d Remote Storage
|t 0
|e DG55.S2 I34 1981
|h Library of Congress classification
|i unmediated -- volume
|m A14816863277
|
| 998 |
f |
f |
|a DG55.S2 I34 1981
|t 0
|l Remote Storage
|